[Event "28th Pula Open 2014"]
[Site "Pula CRO"]
[Date "2014.06.09"]
[Round "3.24"]
[White "Papp, Tamas1"]
[Black "Siljan, Milorad"]
[Result "1-0"]
[WhiteTitle "FM"]
[WhiteElo "2276"]
[BlackElo "2073"]
[WhiteFideId "725447"]
[BlackFideId "14512629"]
[EventDate "2014.06.07"]
[EventType "swiss"]

1. Nf3 c5 2. e4 d6 3. d4 cxd4 4. Nxd4 a6 5. c4 g6 6. Nc3 Bg7 7. Be3 Nf6 8. Be2
O-O 9. O-O Nc6 10. Nc2 Nd7 11. Qd2 Nb6 12. f3 Be6 13. Na3 Qc7 14. Nd5 Bxd5 15.
cxd5 Nb8 16. Qa5 Nxd5 17. Qxd5 Bxb2 18. Nc4 Bxa1 19. Nb6 Qc3 20. Kf2 Nc6 21. Rb1
Rad8 22. Qd1 Nd4 23. Nd5 Qc2 24. Nxe7+ Kg7 25. Bxd4+ Bxd4+ 26. Qxd4+ Kh6 27.
Nf5+ 1-0

[Event "28th Pula Open 2014"]
[Site "Pula CRO"]
[Date "2014.06.09"]
[Round "3.25"]
[White "Segerberg, Tomas"]
[Black "Zvan, Ziga"]
[Result "0-1"]
[BlackTitle "FM"]
[WhiteElo "2016"]
[BlackElo "2274"]
[WhiteFideId "1712969"]
[BlackFideId "14602814"]
[EventDate "2014.06.07"]
[EventType "swiss"]

1. c4 e5 2. Nc3 Nf6 3. Nf3 Nc6 4. a3 d5 5. cxd5 Nxd5 6. Qc2 Be6 7. e3 Nxc3 8.
dxc3 Bd6 9. e4 O-O 10. Be2 a5 11. O-O a4 12. Be3 Qe7 13. Rae1 Rfd8 14. Nd2 Na5
15. Bb5 Nb3 16. Nxb3 Bxb3 17. Qe2 Qe6 18. Rc1 h6 19. f3 Be7 20. Rfe1 Bg5 21. Bd3
Rd6 22. Bc2 Bxe3+ 23. Qxe3 Rad8 24. Bxb3 Qxb3 25. Re2 b6 26. h3 Rd3 27. Qf2 Qa2
28. Kh2 Kh7 29. Rce1 Qe6 30. Qg3 Rd2 31. Qg4 Qc4 32. Qf5+ g6 33. Rxd2 Rxd2 34.
Qxe5 Rxb2 35. Qd5 Qxd5 36. exd5 Rb3 37. Re7 Rxc3 38. Rxf7+ Kg8 39. Rd7 b5 40. d6
cxd6 41. Rxd6 Rxa3 42. Rxg6+ Kh7 43. Rb6 Rb3 44. Kg3 a3 45. Kf4 Rb4+ 46. Kf5 a2
47. Rb7+ Kg8 48. Rb8+ Kf7 49. Rb7+ Ke8 50. Ke6 Kd8 51. Rd7+ Kc8 52. Rd1 Rb1 0-1

[Event "28th Pula Open 2014"]
[Site "Pula CRO"]
[Date "2014.06.10"]
[Round "4.1"]
[White "Schnider, Gert"]
[Black "Bosiocic, Marin"]
[Result "1/2-1/2"]
[WhiteTitle "FM"]
[BlackTitle "GM"]
[WhiteElo "2354"]
[BlackElo "2543"]
[WhiteFideId "1606310"]
[BlackFideId "14507927"]
[EventDate "2014.06.07"]
[EventType "swiss"]

1. d4 d5 2. c4 e6 3. Nc3 c6 4. cxd5 exd5 5. Nf3 Bf5 6. Bf4 Bd6 7. Bxd6 Qxd6 8.
e3 Nd7 9. Bd3 Bg4 10. O-O f5 11. h3 Bxf3 12. Qxf3 Ne7 13. Rab1 a5 14. Qh5+ g6
15. Qh6 Kf7 16. f3 Nf6 17. Rbd1 Nh5 18. e4 Qf4 19. Qxf4 Nxf4 20. Bc2 h5 21. h4
Rad8 22. Rfe1 Rhe8 23. Bb3 fxe4 24. fxe4 Kg7 25. g3 Ne6 26. exd5 Nxd5 1/2-1/2

[Event "28th Pula Open 2014"]
[Site "Pula CRO"]
[Date "2014.06.10"]
[Round "4.2"]
[White "Fercec, Nenad"]
[Black "Doric, Nenad"]
[Result "1/2-1/2"]
[WhiteTitle "GM"]
[BlackTitle "IM"]
[WhiteElo "2495"]
[BlackElo "2303"]
[WhiteFideId "14500299"]
[BlackFideId "14501694"]
[EventDate "2014.06.07"]
[EventType "swiss"]

1. e4 e5 2. Nf3 Nf6 3. d4 Nxe4 4. Bd3 d5 5. Nxe5 Nd7 6. Nxd7 Bxd7 7. Nc3 Nxc3 8.
bxc3 Bd6 9. O-O O-O 10. Qh5 f5 11. Re1 c6 12. Bg5 Qc7 13. Re3 g6 14. Qh4 Rae8
15. Rae1 Rxe3 16. Rxe3 Re8 17. Be7 Rxe7 18. Rxe7 Bxe7 19. Qxe7 Qc8 20. Kf1 Be6
21. h4 Qd7 22. Qf6 Qf7 23. Qe5 f4 24. Qb8+ Kg7 25. Qxa7 f3 26. Qb8 fxg2+ 27.
Kxg2 Bg4 28. Qe5+ Qf6 29. Qxf6+ Kxf6 30. c4 Be6 31. c5 h6 32. f4 Bf7 33. Kf3 g5
34. hxg5+ hxg5 35. a4 Bh5+ 36. Kg3 gxf4+ 37. Kxf4 Ke7 38. Ke5 Kd7 39. Kf4 Kc7
40. Ke3 Bf7 41. Kf4 Bh5 42. Kg5 Bd1 43. a5 Bf3 44. Kf4 Bh5 45. c4 dxc4 46. Bxc4
Bd1 47. d5 cxd5 48. Bxd5 Bh5 49. Bxb7 Kxb7 1/2-1/2

[Event "28th Pula Open 2014"]
[Site "Pula CRO"]
[Date "2014.06.10"]
[Round "4.3"]
[White "Zufic, Miroslav"]
[Black "Jusic, Zdenko"]
[Result "1-0"]
[WhiteTitle "IM"]
[BlackTitle "IM"]
[WhiteElo "2470"]
[BlackElo "2289"]
[WhiteFideId "14506157"]
[BlackFideId "14501902"]
[EventDate "2014.06.07"]
[EventType "swiss"]

1. e4 d6 2. d4 Nf6 3. Nc3 e5 4. Nf3 Qe7 5. Bg5 c6 6. Qd2 h6 7. Bh4 Bg4 8. h3
Bxf3 9. gxf3 g5 10. Bg3 Nbd7 11. h4 Rg8 12. hxg5 hxg5 13. O-O-O O-O-O 14. Bh3
Kc7 15. Bf5 Re8 16. Kb1 a6 17. Ne2 b5 18. Qa5+ Kb7 19. b3 Nb6 20. Nc1 Qc7 21.
Nd3 c5 22. dxe5 dxe5 23. Qc3 b4 24. Qb2 Bd6 25. Rh6 c4 26. Rxf6 cxd3 27. cxd3
Qe7 28. Rh6 Bc5 29. Rc1 Bd4 30. Qc2 Bc3 31. d4 f6 32. dxe5 fxe5 33. Rh7 Rg7 34.
Rxg7 Qxg7 35. Qd3 Qf6 36. Rd1 a5 37. Qb5 Rd8 38. Bd7 Bd4 39. Bg4 Qc6 40. Qxc6+
Kxc6 41. Bxe5 Kc5 42. Bc7 1-0

[Event "28th Pula Open 2014"]
[Site "Pula CRO"]
[Date "2014.06.10"]
[Round "4.4"]
[White "Drazic, Sinisa"]
[Black "Kaczur, Florian"]
[Result "1-0"]
[WhiteTitle "GM"]
[WhiteElo "2433"]
[BlackElo "2289"]
[WhiteFideId "901172"]
[BlackFideId "705098"]
[EventDate "2014.06.07"]
[EventType "swiss"]

1. d4 Nf6 2. Nc3 d5 3. Bg5 Bf5 4. f3 Nbd7 5. Nxd5 Nxd5 6. e4 h6 7. Bd2 e6 8.
exf5 exf5 9. Qe2+ Qe7 10. O-O-O Qxe2 11. Nxe2 O-O-O 12. c4 N5f6 13. Nc3 Nb6 14.
Be3 c6 15. Bd3 g6 16. b3 Bg7 17. Bc2 Rhe8 18. Rd3 Na8 19. Rhd1 Nc7 20. Bf2 b6
21. R3d2 Rd7 22. Bd3 Red8 23. Bf1 Nh5 24. Kc2 Nf4 25. g3 Nfe6 26. Ne2 Bf6 27. f4
c5 28. dxc5 Rxd2+ 29. Rxd2 Rxd2+ 30. Kxd2 bxc5 31. Bg2 Kd7 32. Bb7 Kd6 33. Kc2
Nd8 34. Bf3 Nc6 35. a3 Ne6 36. Bxc6 Kxc6 37. b4 a6 38. Kb3 h5 39. Kc2 Be7 40.
Be1 Bd6 41. Bd2 Be7 42. h4 Bf6 43. Bc3 Be7 44. Nc1 Nf8 45. Nd3 Nd7 46. Kb3 Bd6
47. Bb2 Be7 48. Ba1 Bd6 49. Bc3 Be7 50. Kc2 Bd6 51. Kd2 Be7 52. Ke2 Bd6 53. Ke3
Bf8 54. Ne1 Bd6 55. Nf3 Be7 56. Kd3 Bd8 57. Kc2 Be7 58. Kb3 Bd8 59. Be1 Bf6 60.
Bf2 Be7 61. Be3 Bd8 62. Bg1 Bf6 63. Ne1 Ba1 64. Be3 Bf6 65. Nd3 cxb4 66. axb4
Ba1 67. Ne1 Kb7 68. b5 axb5 69. cxb5 Kc7 70. Nc2 Bf6 71. Nb4 Kd6 72. Kc4 Bd8 73.
Nc6 Nb6+ 74. Kd3 Bc7 75. Ne5 Ke6 76. Nc4 Nd7 77. b6 Bd8 78. b7 Bc7 79. Ba7 Kd5
80. Ne5 Bxe5 81. fxe5 Kxe5 82. b8=R Nxb8 83. Bxb8+ Kd5 84. Ke3 f6 85. Bf4 Kc4
86. Bd6 Kd5 87. Bc7 Ke6 88. Bf4 Kd5 89. Kd3 Kc5 90. Be3+ Kd5 91. Bd4 Ke6 92. Ke3
Ke7 93. Bb6 Kd6 94. Kd4 Ke6 95. Bd8 Kf7 96. Kd5 g5 97. hxg5 fxg5 98. Bxg5 Kg6
99. Bf4 Kf6 100. Kd4 Ke6 101. Ke3 Kf6 102. Kf3 Ke6 103. Kg2 Kf6 104. Kh3 Kf7
105. Kh4 Kg6 106. Bg5 f4 107. gxf4 Kf5 108. Bh6 Kg6 109. Bg5 Kf5 1-0

[Event "28th Pula Open 2014"]
[Site "Pula CRO"]
[Date "2014.06.10"]
[Round "4.5"]
[White "Zierke, Oliver"]
[Black "Lizak, Peter"]
[Result "1/2-1/2"]
[WhiteTitle "FM"]
[BlackTitle "IM"]
[WhiteElo "2253"]
[BlackElo "2401"]
[WhiteFideId "4607244"]
[BlackFideId "731595"]
[EventDate "2014.06.07"]
[EventType "swiss"]

1. d4 e6 2. Nf3 c5 3. e3 Nf6 4. c4 d5 5. Nc3 Nc6 6. a3 a6 7. dxc5 Bxc5 8. b4 Ba7
9. Bb2 O-O 10. Qc2 Qe7 11. Rd1 Rd8 12. cxd5 exd5 13. b5 axb5 14. Nxb5 Bb6 15.
Be2 Ne4 16. O-O Bf5 17. Qb3 Na5 18. Qa2 Be6 19. Bd4 Bxd4 20. Nfxd4 Rac8 21. Rc1
Nc4 22. Rfd1 Qf6 23. Bxc4 dxc4 24. Nxe6 Rxd1+ 25. Rxd1 Qxe6 26. Nc7 Nc3 27. Nxe6
Nxa2 28. Nd4 Kf8 29. Kf1 Ra8 30. Nc2 Nc3 31. Rd7 b5 32. Rb7 g6 33. g4 Kg7 34. g5
Kf8 35. h4 Ra5 36. Kg2 Nb1 1/2-1/2

[Event "28th Pula Open 2014"]
[Site "Pula CRO"]
[Date "2014.06.10"]
[Round "4.6"]
[White "Muskardin, Mario"]
[Black "Bontempi, Piero"]
[Result "1/2-1/2"]
[BlackTitle "FM"]
[WhiteElo "2248"]
[BlackElo "2361"]
[WhiteFideId "14518180"]
[BlackFideId "809250"]
[EventDate "2014.06.07"]
[EventType "swiss"]

1. e4 c5 2. Ne2 Nc6 3. Nbc3 g6 4. d3 Bg7 5. Be3 Nd4 6. Qd2 d6 7. Nd1 Bg4 8. f3
Bd7 9. c3 Nc6 10. d4 b6 11. Nf2 Rc8 12. h4 h5 13. g4 hxg4 14. fxg4 Nf6 15. g5
Ng4 16. Nxg4 Bxg4 17. Nf4 Bf3 18. Rh2 cxd4 19. cxd4 e5 20. dxe5 dxe5 21. Qxd8+
Kxd8 22. Rd2+ Nd4 23. Bg2 Bg4 24. Bxd4 exd4 25. Kf2 Be5 26. Nd3 Bb8 27. Rh1 Ke7
28. Bf3 Be6 29. a3 a5 30. Be2 Rh7 31. Ne1 Bf4 32. Rxd4 Bxg5 33. Nf3 Bc1 34. Rd3
Rhh8 35. b4 axb4 36. axb4 Bb2 37. Rhd1 Rc2 38. Rd6 b5 39. R6d2 Rxd2 40. Rxd2 Bc3
41. Rc2 Bxb4 42. Bxb5 Bd6 43. Rc1 Rb8 44. Nd4 Kf6 45. Rc6 Ke5 46. Ke3 Bd7 47.
Bc4 Bxc6 48. Nxc6+ Kf6 49. Nxb8 Bxb8 50. Kf3 Kg7 51. Kg4 f6 52. h5 1/2-1/2

[Event "28th Pula Open 2014"]
[Site "Pula CRO"]
[Date "2014.06.10"]
[Round "4.7"]
[White "Bostl, Frantisek"]
[Black "Jovanovic, Zoran"]
[Result "0-1"]
[BlackTitle "GM"]
[WhiteElo "2198"]
[BlackElo "2556"]
[WhiteFideId "314579"]
[BlackFideId "14505320"]
[EventDate "2014.06.07"]
[EventType "swiss"]

1. d4 d6 2. c4 g6 3. Nc3 Bg7 4. e4 Nf6 5. Nf3 O-O 6. Be2 c6 7. O-O e5 8. dxe5
dxe5 9. Qxd8 Rxd8 10. Bg5 h6 11. Bh4 Re8 12. h3 Nh5 13. Ne1 Nf4 14. Rd1 Na6 15.
Nd3 Be6 16. Nxf4 exf4 17. f3 Nc5 18. Bf2 Nd7 19. Na4 b6 20. Bd4 Ne5 21. b3 Rad8
22. Ba1 g5 23. Nc3 Ng6 24. Rxd8 Rxd8 25. Rd1 Rxd1+ 26. Bxd1 Bd4+ 27. Kf1 Kg7 28.
Bb2 Kf6 29. Be2 Ke5 30. Ke1 h5 31. Kd2 Nh4 32. Bf1 g4 33. hxg4 hxg4 34. Ke2 g3
35. Nd1 f5 36. Bxd4+ Kxd4 37. exf5 Bxf5 38. Kd2 Bg6 39. Nc3 Bh5 40. Ne2+ Ke5 41.
Nc1 Bg6 42. Bd3 Kf6 43. Bf1 Nf5 44. Nd3 Ne3 45. Nxf4 Nxf1+ 46. Ke2 Nh2 47. Ke1
Bb1 48. a3 Ba2 49. b4 Bxc4 50. Nh5+ Ke5 51. Nxg3 Kd4 52. Kf2 Kc3 53. Ne4+ Kb2
54. a4 Ka3 55. Nd6 Bd5 56. b5 c5 57. a5 bxa5 58. Nc8 Kb4 59. Nxa7 a4 0-1

[Event "28th Pula Open 2014"]
[Site "Pula CRO"]
[Date "2014.06.10"]
[Round "4.8"]
[White "Tratar, Marko"]
[Black "Zvan, Ziga"]
[Result "1-0"]
[WhiteTitle "GM"]
[BlackTitle "FM"]
[WhiteElo "2484"]
[BlackElo "2274"]
[WhiteFideId "14600684"]
[BlackFideId "14602814"]
[EventDate "2014.06.07"]
[EventType "swiss"]

1. c4 e5 2. g3 Nf6 3. Bg2 Nc6 4. Nc3 Bb4 5. Nd5 Bc5 6. d3 h6 7. e3 O-O 8. Ne2
Nxd5 9. cxd5 Ne7 10. O-O d6 11. d4 exd4 12. Nxd4 Ng6 13. h3 Qf6 14. Nb5 Bb6 15.
Nc3 Ne5 16. Kh2 Bf5 17. e4 Bh7 18. Qe2 Rfe8 19. Be3 Nd7 20. Bxb6 axb6 21. Rae1
Nc5 22. Qd1 b5 23. a3 c6 24. f4 Na4 25. Nxa4 Rxa4 26. e5 dxe5 27. fxe5 Qg6 28.
dxc6 bxc6 29. e6 fxe6 30. Bxc6 Rc8 31. Rxe6 Qd3 32. Qxd3 Bxd3 33. Rd1 Bc4 34.
Re8+ Rxe8 35. Bxe8 Kf8 36. Bg6 Ra6 37. Bc2 Re6 38. Rd2 Re1 39. Kg2 Ke7 40. h4
Kf6 41. Bd1 Ke5 42. b3 Bd5+ 43. Kf2 Rh1 44. Rxd5+ 1-0

[Event "28th Pula Open 2014"]
[Site "Pula CRO"]
[Date "2014.06.10"]
[Round "4.9"]
[White "Sobolevsky, Leonid"]
[Black "Fodor, Tamas Jr."]
[Result "0-1"]
[WhiteTitle "IM"]
[BlackTitle "GM"]
[WhiteElo "2245"]
[BlackElo "2462"]
[WhiteFideId "14103621"]
[BlackFideId "723762"]
[EventDate "2014.06.07"]
[EventType "swiss"]

1. e4 e5 2. Nf3 Nc6 3. d4 exd4 4. c3 dxc3 5. Nxc3 Bc5 6. Bg5 Nge7 7. Bc4 O-O 8.
O-O d6 9. Nd5 Be6 10. Re1 Kh8 11. Rc1 f6 12. Be3 Bxe3 13. Rxe3 Ng6 14. Bb5 Bd7
15. Ba4 Rb8 16. Rec3 Re8 17. Nd2 Nf8 18. f4 f5 19. Bc2 Be6 20. Nf3 fxe4 21. Ng5
h6 22. Nxe4 Bxd5 23. Qxd5 Nb4 24. Qb3 Nxc2 25. Qxc2 c6 26. Rg3 d5 27. Qc3 d4 28.
Qd3 Qd5 29. Nd2 Rbd8 30. Nc4 Re4 31. Rf1 Nd7 32. Nd2 Nc5 33. Qa3 Re2 34. Nf3 Ne4
35. Rg6 d3 36. Qxa7 Kh7 37. f5 Qxf5 38. Ng5+ Kxg6 39. Rxf5 Re1+ 40. Rf1 Rxf1+
41. Kxf1 d2 0-1

[Event "28th Pula Open 2014"]
[Site "Pula CRO"]
[Date "2014.06.10"]
[Round "4.10"]
[White "Skreno, Vladimir"]
[Black "Rukavina, Josip"]
[Result "0-1"]
[BlackTitle "IM"]
[WhiteElo "2237"]
[BlackElo "2410"]
[WhiteFideId "14902893"]
[BlackFideId "14500191"]
[EventDate "2014.06.07"]
[EventType "swiss"]

1. Nf3 g6 2. d4 Bg7 3. c4 d6 4. Nc3 Nd7 5. e4 e5 6. Be2 Ngf6 7. O-O O-O 8. Re1
c6 9. Bf1 exd4 10. Nxd4 Re8 11. Nb3 Qe7 12. Bf4 Ne5 13. Qc2 Be6 14. Nd2 Nfd7 15.
Rad1 Qf8 16. Bg3 f5 17. exf5 Bxf5 18. Qb3 Nc5 19. Qa3 Nf7 20. Rxe8 Rxe8 21. Nb3
Bc2 22. Rc1 Bxb3 23. axb3 a6 24. b4 Ne6 25. Rd1 Nd4 26. Qa5 Nf5 27. Bf4 Re6 28.
b5 axb5 29. cxb5 d5 30. bxc6 bxc6 31. Na4 Re4 32. Bc7 Nd4 33. Nc5 Re8 34. Nd3
Nd6 35. Qc5 N6b5 36. Qxf8+ Rxf8 37. Bb6 Rb8 38. Ba5 Nb3 39. Bb4 Bd4 40. Nc1 Nxc1
41. Rxc1 Bxb2 42. Rxc6 Nd4 0-1

[Event "28th Pula Open 2014"]
[Site "Pula CRO"]
[Date "2014.06.10"]
[Round "4.11"]
[White "Yrjola, Jouni"]
[Black "Beletic, Daniel"]
[Result "1/2-1/2"]
[WhiteTitle "GM"]
[WhiteElo "2366"]
[BlackElo "2270"]
[WhiteFideId "500011"]
[BlackFideId "14602709"]
[EventDate "2014.06.07"]
[EventType "swiss"]

1. d4 Nf6 2. Nf3 c5 3. d5 g6 4. Nc3 d6 5. e4 Bg7 6. Be2 O-O 7. O-O Na6 8. Bf4
Nc7 9. a4 b6 10. Re1 Bb7 11. Bc4 a6 12. Qd3 Qc8 1/2-1/2

[Event "28th Pula Open 2014"]
[Site "Pula CRO"]
[Date "2014.06.10"]
[Round "4.12"]
[White "Vrhovnik, Damir"]
[Black "Dauth, Benjamin"]
[Result "1/2-1/2"]
[BlackTitle "FM"]
[WhiteElo "2095"]
[BlackElo "2345"]
[WhiteFideId "14526956"]
[BlackFideId "4688104"]
[EventDate "2014.06.07"]
[EventType "swiss"]

1. Nf3 c5 2. c4 Nc6 3. d4 cxd4 4. Nxd4 Qb6 5. Nb3 Nf6 6. c5 Qd8 7. Nc3 b6 8.
cxb6 Qxb6 9. Be3 Qb8 10. g3 e6 11. Bg2 d5 12. O-O Be7 13. Rc1 Bd7 14. Nc5 Bc8
15. Qa4 Bb7 16. Nxb7 Qxb7 17. Nxd5 exd5 18. Qxc6+ Qxc6 19. Rxc6 O-O 20. Rd1 a5
21. Bc5 Rfe8 22. e3 h6 23. Bd4 Reb8 24. Bxf6 Bxf6 25. b3 a4 26. Bxd5 axb3 27.
Bxb3 Ra7 28. Rdc1 Be7 29. Rc7 Rxc7 30. Rxc7 Kf8 31. Kf1 g6 32. Ke2 Rb5 33. e4 f5
34. Rc6 Kg7 35. Re6 Bf6 36. exf5 Rxf5 37. h4 g5 38. hxg5 hxg5 39. Ra6 Bd4 40. f3
Re5+ 41. Kf1 Re3 42. Kg2 g4 43. fxg4 Be5 44. Be6 Bxg3 45. Bf5 Bh4 46. Re6 Rg3+
47. Kh2 Ra3 48. Re2 Kf6 49. Be6 Bg3+ 50. Kg1 Kg5 51. Rb2 Bd6 52. Kf1 Re3 53. Re2
Rd3 54. Bf5 Ra3 55. Ke1 Bf4 56. Kd1 Rc3 57. Rc2 Ra3 58. Rc5 Be3 59. Rc2 Bf4 60.
Rg2 Rc3 61. Rb2 Ra3 62. Kc2 Be5 63. Rb5 1/2-1/2

[Event "28th Pula Open 2014"]
[Site "Pula CRO"]
[Date "2014.06.10"]
[Round "4.13"]
[White "Mihalincic, Tomislav"]
[Black "Veszpremi, Andras"]
[Result "1/2-1/2"]
[WhiteTitle "FM"]
[WhiteElo "2317"]
[BlackElo "2236"]
[WhiteFideId "14503867"]
[BlackFideId "730270"]
[EventDate "2014.06.07"]
[EventType "swiss"]

1. e4 c5 2. Nf3 Nc6 3. d4 cxd4 4. Nxd4 g6 5. c4 Nf6 6. Nc3 Nxd4 7. Qxd4 d6 8.
Be2 Bg7 9. Be3 O-O 10. Qd2 a5 11. a4 Nd7 12. Rd1 b6 13. Bh6 Bb7 14. h4 f6 15.
Be3 Nc5 16. Bd3 f5 17. exf5 Nxd3+ 18. Qxd3 Rxf5 19. Nd5 Bxd5 20. cxd5 Bxb2 21.
Rb1 Bg7 22. Rxb6 Rb8 23. Qb5 Rxb6 24. Bxb6 Re5+ 25. Be3 e6 26. O-O Rxd5 27. Qc6
Bd4 28. Bxd4 Rxd4 29. Rc1 Rb4 30. Qa6 Rb8 31. g3 Qb6 32. Rc8+ Kg7 33. Qxb6 Rxb6
34. Ra8 Rb1+ 35. Kg2 Ra1 36. Rxa5 h5 37. Kf3 Kf6 38. Ra8 d5 39. a5 Ra3+ 40. Ke2
d4 41. a6 Kg7 42. a7 Kh7 43. f4 Kg7 44. Kd2 1/2-1/2

[Event "28th Pula Open 2014"]
[Site "Pula CRO"]
[Date "2014.06.10"]
[Round "4.14"]
[White "Franciskovic, Borka"]
[Black "Schaffert, Walter"]
[Result "1-0"]
[WhiteTitle "WIM"]
[WhiteElo "2310"]
[BlackElo "2027"]
[WhiteFideId "14507943"]
[BlackFideId "12926795"]
[EventDate "2014.06.07"]
[EventType "swiss"]

1. c4 Nf6 2. Nf3 g6 3. g3 Bg7 4. Bg2 O-O 5. O-O d6 6. d4 Nc6 7. Nc3 a6 8. d5 Na5
9. b3 Ne4 10. Nxe4 Bxa1 11. Bd2 Nxc4 12. Qxa1 Nxd2 13. Nexd2 e5 14. dxe6 fxe6
15. Qc3 c6 16. Ne4 d5 17. Nc5 b6 18. Nd3 c5 19. h4 Qf6 20. Qxf6 Rxf6 21. Nfe5
Ra7 22. Rc1 Rc7 23. e4 Bb7 24. Ng4 Rf8 25. Nf4 Re7 26. exd5 exd5 27. Nxd5 Bxd5
28. Bxd5+ Kg7 29. Rc2 Rd8 30. Bf3 h5 31. Ne3 Re6 32. Bb7 a5 33. Ba6 Rd4 34. Bc4
Re5 35. a4 g5 36. hxg5 Rxg5 37. Kg2 h4 38. g4 Kf6 39. f3 Ke5 40. Nf5 1-0

[Event "28th Pula Open 2014"]
[Site "Pula CRO"]
[Date "2014.06.10"]
[Round "4.15"]
[White "Doncevic, Dario"]
[Black "Kocevar, Tugomir"]
[Result "1-0"]
[WhiteTitle "IM"]
[WhiteElo "2294"]
[BlackElo "2004"]
[WhiteFideId "14504553"]
[BlackFideId "14607948"]
[EventDate "2014.06.07"]
[EventType "swiss"]

1. c4 c5 2. g3 Nc6 3. Bg2 g6 4. Nc3 Bg7 5. e4 d6 6. Nge2 Nf6 7. d3 O-O 8. O-O
Ne8 9. Be3 Nc7 10. d4 cxd4 11. Nxd4 Nxd4 12. Bxd4 Bxd4 13. Qxd4 Ne6 14. Qd2 Ng7
15. Rad1 Be6 16. b3 Qa5 17. Nd5 Qd8 18. Qb2 Bxd5 19. Rxd5 Qc7 20. e5 Rad8 21.
exd6 Rxd6 22. Rxd6 exd6 23. Rd1 b6 24. Qf6 Ne8 25. Qf4 Kg7 26. h4 h5 27. Qd4+ f6
28. Re1 Qd7 29. Qe4 f5 30. Qe7+ Qxe7 31. Rxe7+ Kf6 32. Rxa7 Rf7 33. Ra6 Ke5 34.
Rxb6 f4 35. Rb5+ Kd4 36. Rd5+ Kc3 37. Be4 fxg3 38. fxg3 Nf6 39. Rd3+ Kb2 40.
Bxg6 Rg7 41. Bf5 Kxa2 42. Rxd6 Ne8 43. Rd3 Ka3 44. Kg2 Kb4 45. Rd7 Rxd7 46. Bxd7
Nf6 47. Ba4 1-0

[Event "28th Pula Open 2014"]
[Site "Pula CRO"]
[Date "2014.06.10"]
[Round "4.16"]
[White "Pregarac, Valter"]
[Black "Papp, Tamas1"]
[Result "0-1"]
[BlackTitle "FM"]
[WhiteElo "2160"]
[BlackElo "2276"]
[WhiteFideId "14602610"]
[BlackFideId "725447"]
[EventDate "2014.06.07"]
[EventType "swiss"]

1. d4 Nf6 2. c4 g6 3. Nc3 d5 4. cxd5 Nxd5 5. e4 Nxc3 6. bxc3 Bg7 7. Be3 c5 8.
Qd2 Qa5 9. Nf3 Nc6 10. Rb1 O-O 11. Rb5 cxd4 12. Rxa5 dxe3 13. Qxe3 Nxa5 14. Nd4
Bd7 15. e5 Rac8 16. f4 Rc7 17. Bb5 Rfc8 18. Bxd7 Rxd7 19. O-O e6 20. g4 Nc4 21.
Qe2 Rd5 22. h4 b5 23. Rb1 Na3 24. Rb3 Bf8 25. Nxb5 Nxb5 26. Rxb5 Rd7 27. Rb2
Rxc3 28. Rc2 Rcd3 29. h5 Rd8 30. hxg6 hxg6 31. f5 Bh6 32. Qe4 R3d4 33. Qf3 Rd3
34. Qe4 R8d4 35. Qa8+ Kg7 36. fxg6 Kxg6 37. Qg8+ Bg7 38. Rh2 Rd1+ 39. Kg2 R1d2+
40. Kh1 Rd1+ 41. Kg2 R4d2+ 42. Kh3 Rd8 0-1

[Event "28th Pula Open 2014"]
[Site "Pula CRO"]
[Date "2014.06.10"]
[Round "4.19"]
[White "Haas, Peter"]
[Black "Maier, Christian"]
[Result "0-1"]
[BlackTitle "IM"]
[WhiteElo "2074"]
[BlackElo "2369"]
[WhiteFideId "4654587"]
[BlackFideId "4601955"]
[EventDate "2014.06.07"]
[EventType "swiss"]

1. e4 e5 2. Nf3 Nc6 3. Bb5 a6 4. Ba4 Nf6 5. O-O Be7 6. Re1 b5 7. Bb3 O-O 8. a4
Rb8 9. Nc3 d6 10. h3 Na5 11. Ba2 b4 12. Nd5 Nxd5 13. Bxd5 c6 14. Ba2 Kh8 15. d4
exd4 16. Nxd4 c5 17. Nb3 Nc6 18. Nd2 f5 19. Bd5 Ne5 20. Nf3 f4 21. b3 Bf6 22.
Ra2 Nxf3+ 23. Qxf3 Bc3 24. Rd1 Qf6 25. Bd2 Be5 26. Be1 g5 0-1

[Event "28th Pula Open 2014"]
[Site "Pula CRO"]
[Date "2014.06.10"]
[Round "4.20"]
[White "Sevo, Igor"]
[Black "Foglia, Maurizio"]
[Result "1-0"]
[WhiteElo "2259"]
[BlackElo "2095"]
[WhiteFideId "14503174"]
[BlackFideId "806838"]
[EventDate "2014.06.07"]
[EventType "swiss"]

1. e4 Nf6 2. e5 Nd5 3. d4 d6 4. Nf3 dxe5 5. dxe5 Bg4 6. h3 Bxf3 7. Qxf3 e6 8. a3
Nd7 9. Qg3 f6 10. c4 N5b6 11. exf6 Qxf6 12. Nc3 Bd6 13. Qg5 O-O 14. Qxf6 Nxf6
15. Be3 Nbd7 16. Be2 Be5 17. Rc1 c5 18. O-O Bd4 19. Bxd4 cxd4 20. Nb5 e5 21. f4
Rad8 22. Rcd1 a6 23. fxe5 Rfe8 24. exf6 Rxe2 25. Nxd4 Re4 26. fxg7 Nc5 27. Nf5
Rb8 28. b4 Ne6 29. Rd7 1-0

[Event "28th Pula Open 2014"]
[Site "Pula CRO"]
[Date "2014.06.10"]
[Round "4.21"]
[White "Mueller, Peter2"]
[Black "Fucak, Emilijo"]
[Result "1/2-1/2"]
[BlackTitle "FM"]
[WhiteElo "2054"]
[BlackElo "2258"]
[WhiteFideId "4626010"]
[BlackFideId "14501023"]
[EventDate "2014.06.07"]
[EventType "swiss"]

1. e4 e6 2. d4 d5 3. Nc3 Bb4 4. e5 Ne7 5. a3 Bxc3+ 6. bxc3 c5 7. Nf3 Qa5 8. Bd2
Nbc6 9. Bd3 c4 10. Be2 Bd7 11. O-O f6 12. Re1 Qc7 13. Bf1 fxe5 14. dxe5 O-O 15.
g3 Rae8 16. Qe2 b5 1/2-1/2

[Event "28th Pula Open 2014"]
[Site "Pula CRO"]
[Date "2014.06.10"]
[Round "4.22"]
[White "Uwira, Oliver"]
[Black "Novak, Ksenija"]
[Result "1/2-1/2"]
[WhiteTitle "FM"]
[BlackTitle "WFM"]
[WhiteElo "2257"]
[BlackElo "2086"]
[WhiteFideId "4646630"]
[BlackFideId "14604272"]
[EventDate "2014.06.07"]
[EventType "swiss"]

1. d4 d5 2. c4 c6 3. Nf3 Nf6 4. Nc3 e6 5. e3 Nbd7 6. Qc2 Bd6 7. Bd3 O-O 8. O-O
dxc4 9. Bxc4 b5 10. Bd3 Bb7 11. Ne4 Nxe4 12. Bxe4 Nf6 13. Bd3 c5 14. dxc5 Rc8
15. b4 Bxf3 16. gxf3 Nd5 17. Bxh7+ Kh8 18. Qe4 Qg5+ 19. Kh1 Nf6 20. f4 Nxe4 21.
fxg5 Kxh7 22. cxd6 Rc2 23. Kg2 Rd8 24. a4 a6 25. axb5 axb5 26. Ra7 Rxd6 27. Rxf7
Rdc6 28. Rf4 Nxg5 29. h4 Rxc1 30. Rxc1 Rxc1 31. hxg5 Kg6 32. Kf3 Rg1 33. Rg4 Rb1
34. Rd4 Kxg5 35. Ke4 Kf6 36. f4 Rb3 37. Kf3 g5 38. fxg5+ 1/2-1/2